[Event "ABC 2024 Utrecht, Groep B"]
[Site "Utrecht"]
[Date "2024.03.09"]
[Round "2.6"]
[White "Heus, Daan"]
[Black "Ramdien, Steven"]
[Result "0-1"]
[WhiteElo "1936"]
[BlackElo "1794"]

1. c4 {[%clk 00:55:17]} {[%emt 00:00:03]} Nf6 {[%clk 00:55:15]} {[%emt
00:00:06]} 2. Nc3 {[%clk 00:55:14]} {[%emt 00:00:13]} e6 {[%clk 00:54:59]}
{[%emt 00:00:27]} 3. Nf3 {[%clk 00:55:03]} {[%emt 00:00:21]} d5 {[%clk
00:55:00]} {[%emt 00:00:07]} 4. e3 {[%clk 00:54:27]} {[%emt 00:00:46]} c5
{[%clk 00:54:50]} {[%emt 00:00:20]} 5. b3 {[%clk 00:54:11]} {[%emt 00:00:26]}
Nc6 {[%clk 00:54:09]} {[%emt 00:00:51]} 6. Bb2 {[%clk 00:53:00]} {[%emt
00:01:22]} Be7 {[%clk 00:53:38]} {[%emt 00:00:41]} 7. cxd5 {[%clk 00:52:02]}
{[%emt 00:01:08]} exd5 {[%clk 00:53:35]} {[%emt 00:00:12]} 8. d4 {[%clk
00:51:40]} {[%emt 00:00:32]} cxd4 {[%clk 00:53:01]} {[%emt 00:00:44]} 9. Nxd4
{[%clk 00:50:56]} {[%emt 00:00:53]} O-O {[%clk 00:52:09]} {[%emt 00:01:00]} 10.
Be2 {[%clk 00:49:50]} {[%emt 00:01:20]} Bc5 {[%clk 00:50:53]} {[%emt 00:01:24]}
11. O-O {[%clk 00:47:55]} {[%emt 00:02:05]} Re8 {[%clk 00:49:21]} {[%emt
00:01:42]} 12. Rc1 {[%clk 00:46:19]} {[%emt 00:01:47]} Nxd4 {[%clk 00:47:29]}
{[%emt 00:02:02]} 13. exd4 {[%clk 00:46:20]} {[%emt 00:00:09]} Bb6 {[%clk
00:47:19]} {[%emt 00:00:19]} 14. Re1 {[%clk 00:42:20]} {[%emt 00:04:11]} Bf5
{[%clk 00:46:44]} {[%emt 00:00:45]} 15. Na4 {[%clk 00:41:05]} {[%emt 00:01:25]}
Bc7 {[%clk 00:43:00]} {[%emt 00:03:51]} 16. Bb5 {[%clk 00:37:45]} {[%emt
00:03:33]} Rxe1+ {[%clk 00:38:59]} {[%emt 00:04:11]} 17. Qxe1 {[%clk 00:37:39]}
{[%emt 00:00:16]} Bxh2+ {[%clk 00:38:02]} {[%emt 00:01:07]} 18. Kxh2 {[%clk
00:36:50]} {[%emt 00:00:59]} Ng4+ {[%clk 00:38:10]} {[%emt 00:00:01]} 19. Kg1
{[%clk 00:36:27]} {[%emt 00:00:34]} Qh4 {[%clk 00:38:00]} {[%emt 00:00:19]} 20.
Rc3 {[%clk 00:31:49]} {[%emt 00:04:49]} Qh2+ {[%clk 00:25:06]} {[%emt
00:13:04]} 21. Kf1 {[%clk 00:31:49]} {[%emt 00:00:10]} a6 {[%clk 00:21:07]}
{[%emt 00:04:08]} 22. Rh3 {[%clk 00:26:58]} {[%emt 00:05:01]} Qd6 {[%clk
00:18:25]} {[%emt 00:02:51]} 23. Rg3 {[%clk 00:20:15]} {[%emt 00:06:55]} axb5
{[%clk 00:17:59]} {[%emt 00:00:36]} 24. Nc3 {[%clk 00:18:37]} {[%emt 00:01:48]}
Qd7 {[%clk 00:11:36]} {[%emt 00:06:33]} 25. Qd1 {[%clk 00:14:17]} {[%emt
00:04:30]} h5 {[%clk 00:11:03]} {[%emt 00:00:43]} 26. Kg1 {[%clk 00:12:32]}
{[%emt 00:01:55]} Re8 {[%clk 00:09:58]} {[%emt 00:01:14]} 27. Bc1 {[%clk
00:11:14]} {[%emt 00:01:28]} b4 {[%clk 00:07:21]} {[%emt 00:02:49]} 28. Na4
{[%clk 00:10:10]} {[%emt 00:01:14]} Re7 {[%clk 00:06:47]} {[%emt 00:00:44]} 29.
f3 {[%clk 00:08:11]} {[%emt 00:02:09]} Qd6 {[%clk 00:06:26]} {[%emt 00:00:30]}
30. f4 {[%clk 00:06:52]} {[%emt 00:01:29]} b6 {[%clk 00:05:31]} {[%emt
00:01:06]} 31. Bd2 {[%clk 00:06:09]} {[%emt 00:00:53]} Re4 {[%clk 00:05:25]}
{[%emt 00:00:16]} 32. a3 {[%clk 00:03:16]} {[%emt 00:03:03]} Rxd4 {[%clk
00:05:13]} {[%emt 00:00:21]} 33. Qc1 {[%clk 00:02:45]} {[%emt 00:00:41]} bxa3
{[%clk 00:04:42]} {[%emt 00:00:41]} 34. Bc3 {[%clk 00:01:53]} {[%emt 00:01:02]}
Re4 {[%clk 00:04:05]} {[%emt 00:00:47]} 35. Be5 {[%clk 00:01:49]} {[%emt
00:00:14]} Nxe5 {[%clk 00:03:53]} {[%emt 00:00:22]} 36. fxe5 {[%clk 00:01:57]}
{[%emt 00:00:02]} Qxe5 {[%clk 00:03:58]} {[%emt 00:00:06]} 37. Qg5 {[%clk
00:01:36]} {[%emt 00:00:30]} a2 {[%clk 00:02:58]} {[%emt 00:01:10]} 0-1

[Event "ABC 2024 Utrecht, Groep B"]
[Site "Utrecht"]
[Date "2024.03.09"]
[Round "2.7"]
[White "Anssems, Gyan"]
[Black "Darie, Aden"]
[Result "1-0"]
[WhiteElo "1798"]
[BlackElo "1900"]

1. e4 {[%clk 00:55:18]} {[%emt 00:00:01]} c6 {[%clk 00:54:45]} {[%emt
00:00:36]} 2. d4 {[%clk 00:55:25]} {[%emt 00:00:03]} d5 {[%clk 00:54:50]}
{[%emt 00:00:05]} 3. f3 {[%clk 00:55:34]} {[%emt 00:00:02]} e5 {[%clk
00:54:53]} {[%emt 00:00:07]} 4. Be3 {[%clk 00:55:06]} {[%emt 00:00:36]} dxe4
{[%clk 00:54:10]} {[%emt 00:00:55]} 5. Nc3 {[%clk 00:55:04]} {[%emt 00:00:11]}
Bb4 {[%clk 00:53:47]} {[%emt 00:00:32]} 6. Bc4 {[%clk 00:54:56]} {[%emt
00:00:20]} exd4 {[%clk 00:53:08]} {[%emt 00:00:49]} 7. Bxd4 {[%clk 00:54:43]}
{[%emt 00:00:22]} Nf6 {[%clk 00:52:38]} {[%emt 00:00:39]} 8. fxe4 {[%clk
00:53:02]} {[%emt 00:01:51]} O-O {[%clk 00:50:16]} {[%emt 00:02:32]} 9. Nge2
{[%clk 00:49:23]} {[%emt 00:03:50]} Nxe4 {[%clk 00:49:04]} {[%emt 00:01:20]} 10.
O-O {[%clk 00:49:12]} {[%emt 00:00:22]} Nxc3 {[%clk 00:46:56]} {[%emt
00:02:18]} 11. Nxc3 {[%clk 00:48:29]} {[%emt 00:00:53]} c5 {[%clk 00:46:37]}
{[%emt 00:00:29]} 12. Be5 {[%clk 00:45:33]} {[%emt 00:03:07]} Be6 {[%clk
00:42:55]} {[%emt 00:03:51]} 13. Bxe6 {[%clk 00:44:08]} {[%emt 00:01:36]} fxe6
{[%clk 00:42:01]} {[%emt 00:01:03]} 14. Qg4 {[%clk 00:44:03]} {[%emt 00:00:16]}
Rxf1+ {[%clk 00:41:17]} {[%emt 00:00:54]} 15. Rxf1 {[%clk 00:44:07]} {[%emt
00:00:06]} Qe7 {[%clk 00:40:38]} {[%emt 00:00:49]} 16. Nd5 {[%clk 00:43:43]}
{[%emt 00:00:34]} 1-0

[Event "ABC 2024 Utrecht, Groep B"]
[Site "Utrecht"]
[Date "2024.03.09"]
[Round "2.8"]
[White "Hylarides, Charlie Ronald"]
[Black "Frederiks, Jesse"]
[Result "1-0"]
[WhiteElo "1783"]
[BlackElo "1893"]

1. d4 {[%clk 00:55:18]} Nf6 {[%clk 00:55:13]} {[%emt 00:00:08]} 2. c4 {[%clk
00:55:16]} {[%emt 00:00:13]} b6 {[%clk 00:55:19]} {[%emt 00:00:04]} 3. Nf3
{[%clk 00:54:30]} {[%emt 00:00:56]} Bb7 {[%clk 00:55:22]} {[%emt 00:00:07]} 4.
e3 {[%clk 00:54:27]} {[%emt 00:00:12]} e6 {[%clk 00:55:17]} {[%emt 00:00:16]} 5.
Be2 {[%clk 00:53:56]} {[%emt 00:00:40]} d5 {[%clk 00:54:49]} {[%emt 00:00:37]}
6. O-O {[%clk 00:53:02]} {[%emt 00:01:04]} Be7 {[%clk 00:54:40]} {[%emt
00:00:20]} 7. Nbd2 {[%clk 00:51:15]} {[%emt 00:01:57]} O-O {[%clk 00:54:18]}
{[%emt 00:00:32]} 8. b3 {[%clk 00:50:17]} {[%emt 00:01:08]} c5 {[%clk
00:53:31]} {[%emt 00:00:58]} 9. Bb2 {[%clk 00:49:50]} {[%emt 00:00:36]} cxd4
{[%clk 00:50:01]} {[%emt 00:03:40]} 10. Nxd4 {[%clk 00:48:02]} {[%emt
00:01:59]} Nc6 {[%clk 00:46:59]} {[%emt 00:03:11]} 11. Nxc6 {[%clk 00:45:43]}
{[%emt 00:02:29]} Bxc6 {[%clk 00:46:51]} {[%emt 00:00:18]} 12. Bf3 {[%clk
00:45:37]} {[%emt 00:00:15]} Rc8 {[%clk 00:46:32]} {[%emt 00:00:29]} 13. Rc1
{[%clk 00:44:03]} {[%emt 00:01:45]} Qd7 {[%clk 00:39:12]} {[%emt 00:07:30]} 14.
a3 {[%clk 00:38:48]} {[%emt 00:05:25]} Rfd8 {[%clk 00:37:43]} {[%emt 00:01:39]}
15. Re1 {[%clk 00:34:43]} {[%emt 00:04:15]} dxc4 {[%clk 00:34:35]} {[%emt
00:03:18]} 16. Nxc4 {[%clk 00:27:38]} {[%emt 00:07:15]} Qxd1 {[%clk 00:34:26]}
{[%emt 00:00:20]} 17. Rexd1 {[%clk 00:26:37]} {[%emt 00:01:10]} Bxf3 {[%clk
00:34:24]} {[%emt 00:00:12]} 18. gxf3 {[%clk 00:26:02]} {[%emt 00:00:45]} h5
{[%clk 00:32:04]} {[%emt 00:02:29]} 19. a4 {[%clk 00:22:37]} {[%emt 00:03:36]}
Nd5 {[%clk 00:29:53]} {[%emt 00:02:21]} 20. Ne5 {[%clk 00:20:16]} {[%emt
00:02:31]} Nb4 {[%clk 00:28:04]} {[%emt 00:01:59]} 21. Rxc8 {[%clk 00:19:22]}
{[%emt 00:01:04]} Rxc8 {[%clk 00:28:06]} {[%emt 00:00:08]} 22. Rd7 {[%clk
00:18:43]} {[%emt 00:00:49]} Bf6 {[%clk 00:28:00]} {[%emt 00:00:17]} 23. Rxa7
{[%clk 00:15:38]} {[%emt 00:03:15]} Bxe5 {[%clk 00:28:06]} {[%emt 00:00:04]} 24.
Bxe5 {[%clk 00:15:27]} {[%emt 00:00:20]} Nc6 {[%clk 00:28:14]} {[%emt
00:00:02]} 25. Rc7 {[%clk 00:15:28]} {[%emt 00:00:08]} Rxc7 {[%clk 00:27:17]}
{[%emt 00:01:08]} 26. Bxc7 {[%clk 00:15:34]} {[%emt 00:00:05]} b5 {[%clk
00:26:48]} 27. axb5 {[%clk 00:15:26]} {[%emt 00:00:56]} Nb4 {[%clk 00:24:47]}
{[%emt 00:02:12]} 28. b6 {[%clk 00:15:13]} {[%emt 00:00:23]} Nc6 {[%clk
00:24:47]} {[%emt 00:00:10]} 29. b7 {[%clk 00:14:29]} {[%emt 00:00:54]} Kf8
{[%clk 00:24:51]} {[%emt 00:00:06]} 30. b8=Q+ {[%clk 00:14:30]} {[%emt
00:00:08]} Nxb8 {[%clk 00:25:00]} {[%emt 00:00:01]} 31. Bxb8 {[%clk 00:14:32]}
{[%emt 00:00:09]} Ke7 {[%clk 00:25:07]} {[%emt 00:00:03]} 32. Be5 {[%clk
00:14:14]} {[%emt 00:00:27]} f6 {[%clk 00:25:10]} {[%emt 00:00:07]} 33. Bd4
{[%clk 00:14:04]} {[%emt 00:00:20]} Kd6 {[%clk 00:25:15]} {[%emt 00:00:06]} 34.
b4 {[%clk 00:14:08]} {[%emt 00:00:06]} Kd5 {[%clk 00:25:18]} {[%emt 00:00:06]}
35. Kf1 {[%clk 00:14:00]} {[%emt 00:00:18]} e5 {[%clk 00:25:04]} {[%emt
00:00:25]} 36. Bc5 {[%clk 00:14:03]} {[%emt 00:00:06]} g6 {[%clk 00:25:06]}
{[%emt 00:00:08]} 37. Ke2 {[%clk 00:14:07]} {[%emt 00:00:06]} f5 {[%clk
00:25:11]} {[%emt 00:00:05]} 38. Kd3 {[%clk 00:13:54]} {[%emt 00:00:22]} h4
{[%clk 00:24:16]} {[%emt 00:01:06]} 39. e4+ {[%clk 00:13:56]} {[%emt 00:00:08]}
fxe4+ {[%clk 00:24:09]} {[%emt 00:00:17]} 40. fxe4+ {[%clk 00:13:59]} {[%emt
00:00:06]} Kc6 {[%clk 00:24:08]} {[%emt 00:00:09]} 41. h3 {[%clk 00:13:57]}
{[%emt 00:00:14]} g5 {[%clk 00:24:11]} {[%emt 00:00:07]} 42. f3 {[%clk
00:13:50]} {[%emt 00:00:17]} Kd7 {[%clk 00:24:06]} {[%emt 00:00:17]} 43. Kc4
{[%clk 00:13:51]} {[%emt 00:00:08]} Ke6 {[%clk 00:23:57]} {[%emt 00:00:19]} 44.
b5 {[%clk 00:13:48]} {[%emt 00:00:13]} Kd7 {[%clk 00:24:03]} {[%emt 00:00:04]}
45. Kd5 {[%clk 00:13:50]} {[%emt 00:00:08]} g4 {[%clk 00:24:04]} {[%emt
00:00:09]} 46. fxg4 {[%clk 00:13:15]} {[%emt 00:00:45]} Kc7 {[%clk 00:24:06]}
{[%emt 00:00:08]} 47. Kxe5 {[%clk 00:13:13]} {[%emt 00:00:12]} Kd7 {[%clk
00:24:10]} {[%emt 00:00:05]} 48. Kf6 {[%clk 00:13:13]} {[%emt 00:00:11]} Kd8
{[%clk 00:24:14]} {[%emt 00:00:06]} 49. b6 {[%clk 00:13:12]} {[%emt 00:00:12]}
Kd7 {[%clk 00:23:59]} {[%emt 00:00:25]} 50. e5 {[%clk 00:12:51]} {[%emt
00:00:30]} Kc8 {[%clk 00:23:59]} {[%emt 00:00:10]} 51. b7+ {[%clk 00:12:42]}
{[%emt 00:00:20]} Kc7 {[%clk 00:23:43]} {[%emt 00:00:24]} 52. e6 {[%clk
00:12:38]} {[%emt 00:00:15]} Kxb7 {[%clk 00:23:23]} {[%emt 00:00:31]} 53. e7
{[%clk 00:12:41]} {[%emt 00:00:06]} Kc6 {[%clk 00:23:31]} {[%emt 00:00:02]} 54.
e8=Q+ {[%clk 00:12:44]} {[%emt 00:00:07]} Kd5 {[%clk 00:23:37]} {[%emt
00:00:04]} 55. Qd7+ {[%clk 00:12:37]} {[%emt 00:00:17]} Ke4 {[%clk 00:23:42]}
{[%emt 00:00:05]} 56. Qf5# {[%clk 00:12:32]} {[%emt 00:00:14]} 1-0

[Event "ABC 2024 Utrecht, Groep B"]
[Site "Utrecht"]
[Date "2024.03.09"]
[Round "2.9"]
[White "De Wit, Evan"]
[Black "Rogozyanskiy, Alexander"]
[Result "1/2-1/2"]
[WhiteElo "1892"]
[BlackElo "1765"]

1. e4 {[%clk 00:55:14]} {[%emt 00:00:05]} c5 {[%clk 00:54:45]} {[%emt
00:00:36]} 2. Nf3 {[%clk 00:55:13]} {[%emt 00:00:10]} e6 {[%clk 00:54:50]}
{[%emt 00:00:05]} 3. d4 {[%clk 00:54:59]} {[%emt 00:00:25]} cxd4 {[%clk
00:54:54]} {[%emt 00:00:05]} 4. Nxd4 {[%clk 00:55:01]} {[%emt 00:00:08]} Nc6
{[%clk 00:54:58]} {[%emt 00:00:06]} 5. Nc3 {[%clk 00:54:22]} {[%emt 00:00:49]}
Qc7 {[%clk 00:55:03]} {[%emt 00:00:05]} 6. g3 {[%clk 00:53:46]} {[%emt
00:00:46]} a6 {[%clk 00:53:53]} {[%emt 00:01:20]} 7. Bg2 {[%clk 00:53:19]}
{[%emt 00:00:37]} Nf6 {[%clk 00:51:52]} {[%emt 00:02:11]} 8. O-O {[%clk
00:52:19]} {[%emt 00:01:10]} Be7 {[%clk 00:50:48]} {[%emt 00:01:13]} 9. Be3
{[%clk 00:51:58]} {[%emt 00:00:32]} O-O {[%clk 00:48:11]} {[%emt 00:02:46]} 10.
Qe2 {[%clk 00:50:45]} {[%emt 00:01:23]} b5 {[%clk 00:46:40]} {[%emt 00:01:42]}
11. Nxc6 {[%clk 00:49:28]} {[%emt 00:01:27]} dxc6 {[%clk 00:45:49]} {[%emt
00:01:00]} 12. Bf4 {[%clk 00:49:18]} {[%emt 00:00:21]} e5 {[%clk 00:39:22]}
{[%emt 00:06:36]} 13. Be3 {[%clk 00:48:43]} {[%emt 00:00:45]} a5 {[%clk
00:38:53]} {[%emt 00:00:39]} 14. Rfd1 {[%clk 00:47:47]} {[%emt 00:01:06]} Ba6
{[%clk 00:38:05]} {[%emt 00:00:59]} 15. Qf3 {[%clk 00:46:20]} {[%emt 00:01:36]}
Rad8 {[%clk 00:35:42]} {[%emt 00:02:34]} 16. h4 {[%clk 00:43:56]} {[%emt
00:02:33]} Bc8 {[%clk 00:33:49]} {[%emt 00:02:04]} 17. Qe2 {[%clk 00:44:05]}
Ng4 {[%clk 00:31:28]} {[%emt 00:02:30]} 18. Bf3 {[%clk 00:41:53]} {[%emt
00:02:22]} Nxe3 {[%clk 00:30:08]} {[%emt 00:01:31]} 19. Qxe3 {[%clk 00:42:00]}
{[%emt 00:00:02]} Rxd1+ {[%clk 00:28:11]} {[%emt 00:02:08]} 20. Rxd1 {[%clk
00:42:08]} {[%emt 00:00:02]} Rd8 {[%clk 00:28:16]} {[%emt 00:00:05]} 21. Rxd8+
{[%clk 00:37:37]} {[%emt 00:04:41]} Bxd8 {[%clk 00:24:16]} {[%emt 00:04:10]} 22.
Qd3 {[%clk 00:30:50]} {[%emt 00:06:56]} Be6 {[%clk 00:23:39]} {[%emt 00:00:48]}
23. a4 {[%clk 00:29:47]} {[%emt 00:01:14]} b4 {[%clk 00:22:12]} {[%emt
00:01:36]} 24. Nb1 {[%clk 00:29:52]} {[%emt 00:00:04]} Qb8 {[%clk 00:20:56]}
{[%emt 00:01:28]} 25. Nd2 {[%clk 00:29:44]} {[%emt 00:00:17]} Bb6 {[%clk
00:19:27]} {[%emt 00:01:40]} 26. Nc4 {[%clk 00:29:28]} {[%emt 00:00:25]} Bxc4
{[%clk 00:18:21]} {[%emt 00:01:16]} 27. Qxc4 {[%clk 00:29:35]} {[%emt
00:00:03]} Qa7 {[%clk 00:18:28]} {[%emt 00:00:03]} 28. Qe2 {[%clk 00:27:11]}
{[%emt 00:02:34]} Bd4 {[%clk 00:16:43]} {[%emt 00:01:55]} 29. b3 {[%clk
00:27:15]} {[%emt 00:00:07]} Qc5 {[%clk 00:16:41]} {[%emt 00:00:12]} 30. Kg2
{[%clk 00:26:29]} {[%emt 00:00:55]} g6 {[%clk 00:16:15]} {[%emt 00:00:37]} 31.
h5 {[%clk 00:26:14]} {[%emt 00:00:24]} Kg7 {[%clk 00:15:17]} {[%emt 00:01:08]}
32. Qd2 {[%clk 00:25:39]} {[%emt 00:00:43]} h6 {[%clk 00:13:18]} {[%emt
00:02:11]} 33. hxg6 {[%clk 00:25:38]} {[%emt 00:00:11]} fxg6 {[%clk 00:13:22]}
{[%emt 00:00:07]} 34. Qd3 {[%clk 00:24:56]} {[%emt 00:00:52]} Kf6 {[%clk
00:11:43]} {[%emt 00:01:48]} 35. Bg4 {[%clk 00:24:08]} {[%emt 00:00:57]} Kg7
{[%clk 00:09:59]} {[%emt 00:01:55]} 36. Qe2 {[%clk 00:24:03]} {[%emt 00:00:15]}
Qf8 {[%clk 00:09:14]} 1/2-1/2

[Event "ABC 2024 Utrecht, Groep B"]
[Site "Utrecht"]
[Date "2024.03.09"]
[Round "2.10"]
[White "Gohil, Viaan"]
[Black "Blok, Xaveer"]
[Result "0-1"]
[WhiteElo "1777"]
[BlackElo "1884"]

1. e4 {[%clk 00:54:37]} {[%emt 00:00:43]} c5 {[%clk 00:55:16]} {[%emt
00:00:04]} 2. Nf3 {[%clk 00:54:38]} {[%emt 00:00:09]} d6 {[%clk 00:55:23]}
{[%emt 00:00:05]} 3. d4 {[%clk 00:54:38]} {[%emt 00:00:08]} cxd4 {[%clk
00:55:29]} {[%emt 00:00:06]} 4. Nxd4 {[%clk 00:54:36]} {[%emt 00:00:09]} Nf6
{[%clk 00:55:36]} {[%emt 00:00:05]} 5. Nc3 {[%clk 00:54:34]} {[%emt 00:00:12]}
a6 {[%clk 00:55:43]} {[%emt 00:00:03]} 6. Bg5 {[%clk 00:54:30]} {[%emt
00:00:14]} e6 {[%clk 00:55:48]} {[%emt 00:00:06]} 7. f4 {[%clk 00:54:17]}
{[%emt 00:00:21]} Be7 {[%clk 00:55:53]} {[%emt 00:00:05]} 8. Qd2 {[%clk
00:53:18]} {[%emt 00:01:08]} Qc7 {[%clk 00:54:56]} {[%emt 00:01:07]} 9. O-O-O
{[%clk 00:50:17]} {[%emt 00:03:11]} Nbd7 {[%clk 00:54:57]} {[%emt 00:00:10]} 10.
Be2 {[%clk 00:49:04]} {[%emt 00:01:22]} b5 {[%clk 00:53:40]} {[%emt 00:01:29]}
11. Bf3 {[%clk 00:46:42]} {[%emt 00:02:30]} Bb7 {[%clk 00:52:59]} {[%emt
00:00:52]} 12. a3 {[%clk 00:43:19]} {[%emt 00:03:32]} Rc8 {[%clk 00:50:30]}
{[%emt 00:02:40]} 13. Rhe1 {[%clk 00:39:36]} {[%emt 00:03:53]} Nb6 {[%clk
00:49:05]} {[%emt 00:01:35]} 14. Qf2 {[%clk 00:32:47]} {[%emt 00:06:59]} Nc4
{[%clk 00:47:52]} {[%emt 00:01:23]} 15. Rd3 {[%clk 00:29:22]} {[%emt 00:03:33]}
Qc5 {[%clk 00:40:13]} {[%emt 00:07:51]} 16. e5 {[%clk 00:27:08]} {[%emt
00:02:24]} Bxf3 {[%clk 00:34:07]} {[%emt 00:06:16]} 17. exf6 {[%clk 00:25:31]}
{[%emt 00:01:48]} gxf6 {[%clk 00:33:43]} {[%emt 00:00:32]} 18. Qxf3 {[%clk
00:23:05]} {[%emt 00:02:36]} fxg5 {[%clk 00:32:56]} {[%emt 00:00:57]} 19. Ne4
{[%clk 00:18:30]} {[%emt 00:04:45]} Qc7 {[%clk 00:31:40]} {[%emt 00:01:27]} 20.
Qh5 {[%clk 00:15:01]} {[%emt 00:03:35]} Qd7 {[%clk 00:26:14]} {[%emt 00:05:40]}
21. Nxg5 {[%clk 00:12:33]} {[%emt 00:02:38]} Bxg5 {[%clk 00:25:07]} {[%emt
00:01:16]} 22. Qxg5 {[%clk 00:06:54]} {[%emt 00:05:50]} Qe7 {[%clk 00:22:56]}
{[%emt 00:02:21]} 23. Qg7 {[%clk 00:02:38]} {[%emt 00:04:25]} Kd7 {[%clk
00:22:12]} {[%emt 00:00:54]} 24. Nf5 {[%clk 00:00:51]} {[%emt 00:01:58]} Qf8
{[%clk 00:21:20]} {[%emt 00:01:01]} 25. Qxf8 {[%clk 00:00:49]} {[%emt
00:00:13]} Rhxf8 {[%clk 00:21:18]} {[%emt 00:00:11]} 26. Nd4 {[%clk 00:00:42]}
{[%emt 00:00:18]} d5 {[%clk 00:18:29]} {[%emt 00:02:59]} 27. f5 {[%clk
00:00:19]} {[%emt 00:00:33]} Rfe8 {[%clk 00:17:55]} {[%emt 00:00:42]} 28. fxe6+
{[%clk 00:00:23]} {[%emt 00:00:08]} fxe6 {[%clk 00:17:34]} {[%emt 00:00:30]} 29.
Rh3 {[%clk 00:00:27]} {[%emt 00:00:07]} Re7 {[%clk 00:16:51]} {[%emt 00:00:53]}
30. Rh6 {[%clk 00:00:21]} {[%emt 00:00:15]} Rg8 {[%clk 00:14:31]} {[%emt
00:02:30]} 31. Nxe6 {[%clk 00:00:16]} {[%emt 00:00:15]} Rxg2 {[%clk 00:13:06]}
{[%emt 00:01:35]} 32. Nc5+ {[%clk 00:00:26]} {[%emt 00:00:02]} Kd8 {[%clk
00:11:43]} {[%emt 00:01:31]} 33. Rd6+ {[%clk 00:00:22]} {[%emt 00:00:15]} Nxd6
{[%clk 00:11:33]} {[%emt 00:00:19]} 34. Ne6+ {[%clk 00:00:28]} {[%emt
00:00:06]} Kc8 {[%clk 00:10:32]} {[%emt 00:01:10]} 35. Kd1 {[%clk 00:00:25]}
{[%emt 00:00:12]} Rg6 {[%clk 00:10:01]} {[%emt 00:00:40]} 36. Nf4 {[%clk
00:00:18]} {[%emt 00:00:18]} Rxe1+ {[%clk 00:10:00]} {[%emt 00:00:12]} 37. Kxe1
{[%clk 00:00:26]} {[%emt 00:00:01]} Rg5 {[%clk 00:09:36]} {[%emt 00:00:33]} 38.
Ne6 {[%clk 00:00:28]} {[%emt 00:00:09]} Re5+ {[%clk 00:09:34]} {[%emt
00:00:12]} 0-1

[Event "ABC 2024 Utrecht, Groep B"]
[Site "Utrecht"]
[Date "2024.03.09"]
[Round "2.11"]
[White "Winter, Sven"]
[Black "Bajnath, Dhanesh"]
[Result "1-0"]
[WhiteElo "1864"]
[BlackElo "1760"]

1. e4 {[%clk 00:55:17]} {[%emt 00:00:02]} e5 {[%clk 00:55:15]} {[%emt
00:00:06]} 2. Nc3 {[%clk 00:55:23]} {[%emt 00:00:04]} Nc6 {[%clk 00:55:09]}
{[%emt 00:00:16]} 3. Bc4 {[%clk 00:55:27]} {[%emt 00:00:06]} Nf6 {[%clk
00:54:42]} {[%emt 00:00:37]} 4. d3 {[%clk 00:55:31]} {[%emt 00:00:06]} Bc5
{[%clk 00:52:40]} {[%emt 00:02:12]} 5. Be3 {[%clk 00:54:50]} {[%emt 00:00:51]}
Bb6 {[%clk 00:51:19]} {[%emt 00:01:31]} 6. Nge2 {[%clk 00:52:20]} {[%emt
00:02:39]} Bxe3 {[%clk 00:47:08]} {[%emt 00:04:21]} 7. fxe3 {[%clk 00:52:01]}
{[%emt 00:00:30]} O-O {[%clk 00:42:03]} {[%emt 00:05:15]} 8. a3 {[%clk
00:50:40]} {[%emt 00:01:32]} d6 {[%clk 00:36:56]} {[%emt 00:05:16]} 9. O-O
{[%clk 00:42:53]} {[%emt 00:07:57]} Be6 {[%clk 00:26:05]} {[%emt 00:11:01]} 10.
Nd5 {[%clk 00:42:17]} {[%emt 00:00:45]} Ng4 {[%clk 00:24:24]} {[%emt 00:01:51]}
11. Rf3 {[%clk 00:37:00]} {[%emt 00:05:25]} Qg5 {[%clk 00:19:11]} {[%emt
00:05:26]} 12. Ng3 {[%clk 00:32:17]} {[%emt 00:04:52]} Qh6 {[%clk 00:09:53]}
{[%emt 00:09:28]} 13. h3 {[%clk 00:28:40]} {[%emt 00:03:47]} Bxd5 {[%clk
00:09:15]} {[%emt 00:00:49]} 14. Nf5 {[%clk 00:23:51]} {[%emt 00:04:57]} Qg5
{[%clk 00:03:13]} {[%emt 00:06:07]} 15. exd5 {[%clk 00:22:03]} {[%emt
00:02:04]} e4 {[%clk 00:03:02]} {[%emt 00:00:22]} 16. dxe4 {[%clk 00:17:56]}
{[%emt 00:04:17]} Nce5 {[%clk 00:01:53]} {[%emt 00:01:19]} 17. Rg3 {[%clk
00:14:35]} {[%emt 00:03:25]} Nxc4 {[%clk 00:01:13]} {[%emt 00:00:56]} 18. Rxg4
{[%clk 00:14:13]} {[%emt 00:00:30]} Qf6 {[%clk 00:00:41]} {[%emt 00:00:44]} 19.
Rxg7+ {[%clk 00:13:59]} {[%emt 00:00:23]} Qxg7 {[%clk 00:00:36]} {[%emt
00:00:15]} 20. Nxg7 {[%clk 00:13:56]} {[%emt 00:00:13]} Kxg7 {[%clk 00:00:41]}
{[%emt 00:00:05]} 21. Qg4+ {[%clk 00:13:07]} {[%emt 00:00:59]} Kh8 {[%clk
00:00:40]} {[%emt 00:00:11]} 22. Qh4 {[%clk 00:11:44]} {[%emt 00:01:33]} Rae8
{[%clk 00:00:24]} {[%emt 00:00:27]} 23. Rf1 {[%clk 00:10:20]} {[%emt 00:01:32]}
a6 {[%clk 00:00:18]} {[%emt 00:00:18]} 24. Qf6+ {[%clk 00:10:14]} {[%emt
00:00:16]} Kg8 {[%clk 00:00:26]} {[%emt 00:00:02]} 25. Rf3 {[%clk 00:07:50]}
{[%emt 00:02:31]} Ne5 {[%clk 00:00:23]} {[%emt 00:00:17]} 26. Rg3+ {[%clk
00:05:10]} {[%emt 00:02:49]} Ng6 {[%clk 00:00:30]} {[%emt 00:00:03]} 27. h4
{[%clk 00:04:41]} {[%emt 00:00:39]} h5 {[%clk 00:00:37]} {[%emt 00:00:02]} 28.
Rg5 {[%clk 00:03:33]} {[%emt 00:01:19]} 1-0